000
00418nam a2200133Ia 4500
008
151001s9999||||xx |||||||||||||| ||und||
100
_a
हिरालाल बाधेतीया
245
_a
राजभाषा हिंदी और उसका विकास
250
_a
1
260
_b
आर्य प्रकाशन मंडळ
260
_c
2008
300
_a
134
365
_b
21
999
_c
990623
_d
990620